| 000 | 00953nas a2200301 4500 | ||
|---|---|---|---|
| 001 | BR9000285 | ||
| 003 | BR-BrBNA | ||
| 005 | 20231205091758.0 | ||
| 007 | ta | ||
| 008 | 230509b bl.|||p| |||| 00| 00por d | ||
| 040 |
_aBR-BrBNA _bpor _cBiblioteca Nacional de Agricultura |
||
| 041 | _a(Pt) | ||
| 072 | _aL02; L51 | ||
| 100 | 1 | _aSantos, G.T. dos | |
| 100 | 1 | _aGrongnet, J.F. | |
| 100 | 1 | _aMaubois, J.L. | |
| 100 | 1 | _aLareynie, J. | |
| 100 | 1 | _aPiot, M. | |
| 245 | 1 | _aAbsorcao pelo bezerro recem-nascido de imunoglobulinas extraidas do colostro bovino | |
| 246 | 1 | _aNewborn calf intestinal absorption of immunoglobulins extracted from bovine colostrum | |
| 650 | _aBEZERRO | ||
| 650 | _aCOLOSTRO | ||
| 650 | _aIMUNOGLOBULINA | ||
| 650 | _aABSORCAO | ||
| 773 | 0 |
_tPesquisa Agropecuaria Brasileira (Brazil) _xISSN 0100-204X _g(Jan 1989), v. 24(1) p. 75-83 _wBR9000285 |
|
| 909 |
_a202311 _bLúcia _c55 _dLúcia Elande |
||
| 942 |
_2AGRIS _n0 _cANA |
||
| 999 |
_c127286 _d127286 |
||